Renormalization group theory of critical phenomena / (Record no. 7149)
[ view plain ]
| 000 -LEADER | |
|---|---|
| fixed length control field | 00610cam a2200217ua 4500 |
| 020 ## - INTERNATIONAL STANDARD BOOK NUMBER | |
| ISBN | 81-224-0701-3 |
| 041 ## - LANGUAGE CODE | |
| Language code of text/sound track or separate title | eng |
| 082 ## - DEWEY DECIMAL CLASSIFICATION NUMBER | |
| Classification number | 530.474 |
| Item number | MEN/RE |
| 100 ## - MAIN ENTRY--AUTHOR NAME | |
| Personal name | Menon, S V G . |
| 245 ## - TITLE STATEMENT | |
| Title | Renormalization group theory of critical phenomena / |
| 260 ## - PUBLICATION, DISTRIBUTION, ETC. (IMPRINT) | |
| Place of publication | New Delhi : |
| Name of publisher | New Age International Ltd , |
| Year of publication | 1995. |
| 300 ## - PHYSICAL DESCRIPTION | |
| Number of Pages | 224 ; . |
| 490 0# - SERIES STATEMENT | |
| Series statement | IPA Monographs in Physics, |
| Volume number/sequential designation | |
| 500 ## - GENERAL NOTE | |
| General note | *CSS |
| 942 ## - ADDED ENTRY ELEMENTS (KOHA) | |
| Koha item type | Books |
| Withdrawn status | Lost status | Damaged status | Home library | Current library | Date acquired | Full call number | Accession Number | Koha item type | Shelving location |
|---|---|---|---|---|---|---|---|---|---|
| KAUAET | KAUAET | 07/04/2012 | 530.474 MEN/RE | 19996 | Books | ||||
| KAUAET | KAUAET | 26/07/2018 | 530.474 MEN/RE | 20319 | Book Bank scheme for SC students | Scheme |
